000 00886nam a22003017a 4500
001 BR8107537
003 BR-BrBNA
005 20230928091122.0
007 ta
008 230509b bl.||||| |||| 00| 0 por d
040 _aBR-BrBNA
_bpor
_cBiblioteca Nacional de Agricultura
041 _a(Por)
072 _aE15; F00
_b0230
_b/G514
090 _ 0230 BR8107537
100 1 _aPinazza, A.H.
100 1 _aBrugnaro, C.
110 1 _aPrograma Nacional de Melhoramento da Cana-de-Acucar, Piracicaba, SP (Brasil)
245 1 _aIntroducao a analise economica em experimentacao canavieira [Brasil]
260 3 _aPiracicaba, SP (Brasil):
_c1981.
300 _a43 p.
500 _a15 tables; 6 graphs
650 _aCANA DE ACUCAR
650 _aANALISE ECONOMICA
650 _aPRODUTIVIDADE
650 _aCUSTO DE PRODUCAO
909 _a202309
_bLucia
_c55
_dLucia Elande
942 _cBK
999 _c32320
_d32320